[Event "Guernsey Open 2011"]
[Site "Guernsey, Channel Islands"]
[Date "2011.10.18"]
[Round "3"]
[White "Murray, Steve"]
[Black "De Graaf, Arnoud"]
[Result "0-1"]
[WhiteElo "1885"]
[BlackElo "1860"]
[PlyCount "92"]
[EventDate "2011.10.16"]
[SourceDate "2011.11.07"]

1. e4 d6 2. d4 Nf6 3. Nc3 g6 4. Nf3 Bg7 5. Bf4 c6 6. Qd2 O-O 7. O-O-O b5 8. e5
dxe5 9. Nxe5 Qa5 10. Bh6 b4 11. Bxg7 bxc3 12. Qxc3 Qxc3 13. bxc3 Kxg7 14. Bd3
Ng4 15. Nxg4 Bxg4 16. f3 Bf5 17. Bc4 Nd7 18. Rhe1 Nb6 19. Bb3 Rfe8 20. Re5 Rad8
21. Rde1 Kf8 22. g4 Bc8 23. h4 Rd6 24. h5 Rf6 25. R1e3 e6 26. hxg6 hxg6 27. c4
Rd8 28. c3 Bb7 29. Rc5 Kg7 30. Kb2 Rh8 31. Bd1 Rh2+ 32. Kb3 Rh1 33. Be2 Re1 34.
Rce5 Rf4 35. Bd3 Rxe3 36. Rxe3 c5 37. dxc5 Nd7 38. Kb4 Bxf3 39. Kb5 a6+ 40.
Kxa6 Nxc5+ 41. Kb5 Nxd3 42. Rxd3 Bxg4 43. a4 Be2 44. Rd4 e5 45. Rxf4 exf4 46.
a5 f3 0-1

[Event "Guernsey Open 2011"]
[Site "Guernsey, Channel Islands"]
[Date "2011.10.18"]
[Round "3"]
[White "Spanton, Timothy"]
[Black "Campbell, Eoin"]
[Result "1-0"]
[WhiteElo "1980"]
[BlackElo "1885"]
[PlyCount "45"]
[EventDate "2011.10.16"]
[SourceDate "2011.11.07"]

1. e4 d6 2. d4 Nf6 3. Nc3 g6 4. Nf3 Bg7 5. Be2 O-O 6. O-O Nc6 7. Bg5 Bg4 8. Re1
e5 9. d5 Bxf3 10. Bxf3 Nd4 11. Re3 h6 12. Bh4 g5 13. Bg3 h5 14. h3 g4 15. hxg4
hxg4 16. Bxg4 Nxc2 17. Bf5 Nd4 18. Bh4 Nxf5 19. exf5 Re8 20. Ne4 Kf8 21. Rg3
Bh8 22. Qc1 Nxe4 23. Qh6+ 1-0

[Event "Guernsey Open 2011"]
[Site "Guernsey, Channel Islands"]
[Date "2011.10.18"]
[Round "3"]
[White "Cummins, John"]
[Black "Hickman, John"]
[Result "0-1"]
[WhiteElo "1862"]
[BlackElo "1975"]
[PlyCount "102"]
[EventDate "2011.10.16"]
[SourceDate "2011.11.07"]

1. e4 d6 2. Nf3 Nf6 3. Nc3 g6 4. d4 Bg7 5. h3 O-O 6. Be2 c6 7. O-O b5 8. Bd3
Bb7 9. a3 Nbd7 10. Be3 e5 11. Qc1 a6 12. Rd1 Qc7 13. Qd2 Rfe8 14. Re1 exd4 15.
Bxd4 c5 16. Be3 c4 17. Bf1 Nxe4 18. Nxe4 Bxe4 19. c3 Nc5 20. Bxc5 Qxc5 21. Nd4
Re5 22. Rad1 Rae8 23. Kh1 Bb7 24. Be2 R8e7 25. Bf1 Rxe1 26. Rxe1 Rxe1 27. Qxe1
Bxd4 28. cxd4 Qxd4 29. Qe2 Qe4 30. Qd2 d5 31. Qa5 d4 32. Kg1 Kg7 33. Qb4 Qc6
34. Qd2 Qc5 35. Qc2 Qe5 36. Qc1 c3 37. Bd3 a5 38. Qb1 b4 39. axb4 axb4 40. bxc3
Qd5 41. f3 dxc3 42. Kh1 Qd4 43. Bc2 Bd5 44. Bd1 Qc4 45. Bc2 b3 46. Bd3 Qd4 47.
Kh2 Bc4 48. Be4 Qd2 49. Qg1 c2 50. Qa1+ Kh6 51. Qa3 Qf4+ 0-1

[Event "Guernsey Open 2011"]
[Site "Guernsey, Channel Islands"]
[Date "2011.10.18"]
[Round "3"]
[White "Bridel, Jon"]
[Black "Van Hoek, Wim"]
[Result "1/2-1/2"]
[WhiteElo "1775"]
[BlackElo "1936"]
[PlyCount "25"]
[EventDate "2011.10.16"]
[SourceDate "2011.11.07"]

1. b3 d5 2. Bb2 Bg4 3. h3 Bh5 4. g4 Bg6 5. Bg2 c6 6. Nf3 Nd7 7. d3 e6 8. Nbd2
f6 9. a3 Bd6 10. c4 Ne7 11. b4 e5 12. Qc2 Bc7 13. Nh4 1/2-1/2

[Event "Guernsey Open 2011"]
[Site "Guernsey, Channel Islands"]
[Date "2011.10.18"]
[Round "3"]
[White "Gravett, Alan D"]
[Black "Nicholson, John"]
[Result "1/2-1/2"]
[WhiteElo "1925"]
[BlackElo "1836"]
[PlyCount "35"]
[EventDate "2011.10.16"]
[SourceDate "2011.11.07"]

1. g3 d5 2. Nf3 Nf6 3. Bg2 c6 4. d3 Bg4 5. Nbd2 Nbd7 6. b3 e5 7. h3 Bh5 8. e4
Bd6 9. Bb2 O-O 10. O-O Re8 11. g4 Bg6 12. Nh4 Nxe4 13. Nxe4 dxe4 14. Nxg6 hxg6
15. dxe4 Bc5 16. Qe2 Qg5 17. Rad1 Nf8 18. Qc4 1/2-1/2

[Event "Guernsey Open 2011"]
[Site "Guernsey, Channel Islands"]
[Date "2011.10.19"]
[Round "4"]
[White "Pert, Nicholas"]
[Black "Hillarp Persson, Tiger"]
[Result "1-0"]
[WhiteElo "2557"]
[BlackElo "2535"]
[PlyCount "123"]
[EventDate "2011.10.16"]
[SourceDate "2011.11.07"]

1. d4 Nf6 2. Nf3 g6 3. c4 Bg7 4. g3 d5 5. cxd5 Nxd5 6. Bg2 Nb6 7. Nc3 Nc6 8. e3
O-O 9. O-O Re8 10. d5 Na5 11. Nd4 Bd7 12. Rb1 Qc8 13. b3 c5 14. Nde2 e6 15. Bb2
exd5 16. Nxd5 Nxd5 17. Qxd5 Be6 18. Qd2 Qd8 19. Qc1 Bxb2 20. Qxb2 Rc8 21. Rfd1
Qe7 22. Nf4 b6 23. Qc3 Nc6 24. Rb2 Red8 25. Rxd8+ Nxd8 26. Rd2 Rc7 27. Bd5 Rd7
28. Bxe6 fxe6 29. Rxd7 Qxd7 30. Qf6 Qd6 31. h4 Qf8 32. Qe5 Kf7 33. g4 Qe7 34.
g5 Ke8 35. h5 Nf7 36. Qxe6 Qxe6 37. Nxe6 Ke7 38. hxg6 hxg6 39. Nf4 Nxg5 40.
Nxg6+ Kf6 41. Nf4 Ne4 42. Ne2 b5 43. f3 Nd2 44. Kf2 a5 45. Nc3 b4 46. Nd5+ Ke5
47. Nb6 Nb1 48. Ke2 Nc3+ 49. Kd3 Nxa2 50. Kc4 Nc1 51. Nd7+ Kf5 52. Nxc5 Ne2 53.
Kb5 Ng1 54. f4 Ne2 55. Kxa5 Nc3 56. e4+ Kxf4 57. Kxb4 Ne2 58. Kc4 Ke5 59. b4
Kd6 60. b5 Kc7 61. Na6+ Kd6 62. e5+ 1-0

[Event "Guernsey Open 2011"]
[Site "Guernsey, Channel Islands"]
[Date "2011.10.19"]
[Round "4"]
[White "Hebden, Mark"]
[Black "Sulskis, Sarunas"]
[Result "0-1"]
[WhiteElo "2506"]
[BlackElo "2577"]
[PlyCount "90"]
[EventDate "2011.10.16"]
[SourceDate "2011.11.07"]

1. d4 d5 2. Nf3 Nf6 3. c4 e6 4. Bg5 dxc4 5. Qa4+ Nbd7 6. e4 c5 7. Bxc4 cxd4 8.
e5 h6 9. Bf4 g5 10. Bc1 Ng4 11. h3 Qc7 12. O-O Ngxe5 13. Nxe5 Qxe5 14. f4 Qc5
15. Nd2 Qb4 16. Qd1 gxf4 17. Rxf4 b5 18. Bb3 Bb7 19. Ne4 O-O-O 20. Bd2 Qe7 21.
Ba5 Nb6 22. Rc1+ Kb8 23. Nc5 Rg8 24. Nxb7 Qxb7 25. Qf1 Bd6 26. Rf3 Rg7 27. Bxb6
Qxb6 28. Kh1 Bc7 29. a4 Rd7 30. Bd1 b4 31. Be2 Qd6 32. Qg1 Rg3 33. Rcf1 f5 34.
Rxg3 Qxg3 35. Bc4 Qd6 36. Rf3 Rg7 37. b3 Rg3 38. Qh2 f4 39. Qg1 d3 40. Qd1 d2
41. Be2 e5 42. Qf1 e4 43. Rxg3 fxg3 44. Bd1 a6 45. Qf7 Qd4 0-1

[Event "Guernsey Open 2011"]
[Site "Guernsey, Channel Islands"]
[Date "2011.10.19"]
[Round "4"]
[White "Cornelisse, Johnny JA"]
[Black "Pleasants, Allan J"]
[Result "1-0"]
[WhiteElo "2217"]
[BlackElo "2079"]
[PlyCount "125"]
[EventDate "2011.10.16"]
[SourceDate "2011.11.07"]

1. c4 Nf6 2. g3 g6 3. Bg2 Bg7 4. Nc3 O-O 5. d4 d6 6. Nf3 c6 7. O-O Bg4 8. h3
Bxf3 9. Bxf3 Nbd7 10. b3 Qc7 11. Be3 e5 12. Rc1 Rfe8 13. Qd2 Nf8 14. d5 c5 15.
Bg2 Nh5 16. b4 b6 17. Nb5 Qd8 18. bxc5 bxc5 19. Bg5 f6 20. Bh6 Re7 21. Nc3 f5
22. Rb1 Rb8 23. Bxg7 Rxg7 24. Bf3 Rb4 25. a3 Rxc4 26. e3 Qg5 27. Rb8 Nxg3 28.
fxg3 Qxg3+ 29. Bg2 Rf7 30. Nb5 e4 31. Qf2 Qxf2+ 32. Rxf2 Rd7 33. Bf1 Ra4 34.
Ra2 Kf7 35. Nc3 Ra5 36. Bb5 Rc7 37. a4 Nd7 38. Ra8 Nb6 39. Rh8 Kf6 40. Rf2 Kg7
41. Rd8 a6 42. Bc6 Nc4 43. Nd1 Ne5 44. Rxd6 c4 45. Nc3 Rc5 46. Be8 Rc8 47. Re6
Nf3+ 48. Rxf3 exf3 49. d6 Rd8 50. d7 g5 51. Kf2 g4 52. hxg4 fxg4 53. e4 Rg5 54.
Re7+ Kh6 55. Kg3 Rb8 56. e5 Rf5 57. Ne4 c3 58. Nf2 Rg5 59. Re6+ Kg7 60. Rc6
Rxe5 61. Rc8 c2 62. d8=Q c1=Q 63. Qd7+ 1-0

[Event "Guernsey Open 2011"]
[Site "Guernsey, Channel Islands"]
[Date "2011.10.19"]
[Round "4"]
[White "Goater, Kevin"]
[Black "Norman, Kenneth I"]
[Result "1/2-1/2"]
[WhiteElo "2138"]
[BlackElo "2160"]
[PlyCount "75"]
[EventDate "2011.10.16"]
[SourceDate "2011.11.07"]

1. d4 Nf6 2. Nf3 d5 3. e3 g6 4. Be2 Bg7 5. O-O O-O 6. Nbd2 Nbd7 7. c4 c5 8. Qb3
cxd4 9. exd4 dxc4 10. Nxc4 b6 11. a4 Bb7 12. Rd1 Bd5 13. Qa3 Rc8 14. Ne3 Bb7
15. b4 Nd5 16. Nxd5 Bxd5 17. Be3 e6 18. b5 Qc7 19. Rac1 Qb7 20. a5 Rxc1 21.
Rxc1 bxa5 22. Qxa5 Nb6 23. Bf4 Qd7 24. Ne5 Bxe5 25. Bxe5 Rc8 26. Qd2 Nc4 27.
Bxc4 Rxc4 28. Bf6 Qxb5 29. Rxc4 Bxc4 30. h4 Qf5 31. Bg5 f6 32. Be3 Qb1+ 33. Kh2
Qe4 34. Qb4 Qxh4+ 35. Kg1 Bd5 36. Qb8+ Kg7 37. Qc7+ Kg8 38. Qd8+ 1/2-1/2

[Event "Guernsey Open 2011"]
[Site "Guernsey, Channel Islands"]
[Date "2011.10.19"]
[Round "4"]
[White "Taylor, Mark V"]
[Black "Mack, Wolfgang"]
[Result "0-1"]
[WhiteElo "2131"]
[BlackElo "2279"]
[PlyCount "50"]
[EventDate "2011.10.16"]
[SourceDate "2011.11.07"]

1. d4 g6 2. e4 Bg7 3. Nf3 d6 4. Be2 Nc6 5. c3 Nf6 6. Nbd2 O-O 7. O-O e5 8. Re1
Re8 9. Bf1 exd4 10. cxd4 Bg4 11. Qc2 d5 12. e5 Ne4 13. Be2 Nxd2 14. Qxd2 f6 15.
h3 Bf5 16. Bb5 Be4 17. exf6 Qxf6 18. Ne5 Nxe5 19. Bxe8 Nc4 20. Qc3 Rxe8 21. f3
Rf8 22. Rxe4 dxe4 23. Qxc4+ Kh8 24. Be3 exf3 25. Rf1 Qe7 0-1

[Event "Guernsey Open 2011"]
[Site "Guernsey, Channel Islands"]
[Date "2011.10.19"]
[Round "4"]
[White "Hamperl, Fred A"]
[Black "Williams, Peter A"]
[Result "0-1"]
[WhiteElo "2098"]
[BlackElo "2196"]
[PlyCount "72"]
[EventDate "2011.10.16"]
[SourceDate "2011.11.07"]

1. e4 e6 2. d4 d5 3. exd5 exd5 4. c4 Nf6 5. Nc3 Be7 6. Bd3 O-O 7. Nge2 Nc6 8.
O-O Nb4 9. cxd5 Nxd3 10. Qxd3 Nxd5 11. Nxd5 Qxd5 12. Nc3 Qf5 13. Rd1 Rd8 14.
Be3 c6 15. d5 Qh5 16. Qe4 Bd6 17. h3 Bf5 18. Qc4 b5 19. Qe2 Qg6 20. dxc6 Bxh3
21. f3 Re8 22. Ne4 Bc7 23. Qf2 f5 24. Ng5 f4 25. Nxh3 fxe3 26. Qe2 Qxc6 27.
Rac1 Qb6 28. Rd7 Be5 29. f4 Bf6 30. Rcc7 Rad8 31. Qh5 e2+ 32. Kh2 Qxc7 33. Rxc7
e1=Q 34. Ng5 Qb1 35. Qf7+ Kh8 36. Nxh7 Qxh7+ 0-1

[Event "Guernsey Open 2011"]
[Site "Guernsey, Channel Islands"]
[Date "2011.10.19"]
[Round "4"]
[White "Reijneveld, Ad"]
[Black "Collier, David"]
[Result "0-1"]
[WhiteElo "2172"]
[BlackElo "2100"]
[PlyCount "96"]
[EventDate "2011.10.16"]
[SourceDate "2011.11.07"]

1. e4 c5 2. Nf3 d6 3. d4 cxd4 4. Nxd4 Nf6 5. Nc3 a6 6. f4 Qc7 7. Bd3 e5 8. Nf3
Nbd7 9. Qe2 Be7 10. O-O O-O 11. a4 Nc5 12. Kh1 Nxd3 13. cxd3 Bg4 14. Be3 Qd7
15. h3 Nh5 16. Qf2 exf4 17. Bxf4 Nxf4 18. hxg4 Nxd3 19. Qd2 Nc5 20. Qf4 Ne6 21.
Qd2 Nc7 22. g5 Qg4 23. Nd5 Nxd5 24. Qxd5 Rab8 25. Rac1 Bd8 26. a5 Qe6 27. Rfd1
Re8 28. Rc4 Bxa5 29. b3 Bb6 30. Kh2 Qxd5 31. Rxd5 Rbc8 32. Rb4 Rc6 33. Nd2 Re7
34. Rc4 g6 35. Kh3 Bc7 36. Kg4 Rxc4 37. bxc4 Re5 38. Rd3 Ba5 39. Nb3 Rxe4+ 40.
Kf3 Re5 41. c5 Bd8 42. cxd6 Rxg5 43. Re3 Kg7 44. Re8 Bf6 45. Ke4 Rb5 46. Nc1
Rb4+ 47. Kd5 Rd4+ 48. Kc5 b6+ 0-1

[Event "Guernsey Open 2011"]
[Site "Guernsey, Channel Islands"]
[Date "2011.10.19"]
[Round "4"]
[White "Havenaar, Jan"]
[Black "Westerkamp, Bert"]
[Result "1/2-1/2"]
[WhiteElo "2156"]
[BlackElo "2063"]
[PlyCount "93"]
[EventDate "2011.10.16"]
[SourceDate "2011.11.07"]

1. Nc3 d5 2. e4 d4 3. Nce2 e5 4. Ng3 a6 5. Nf3 Nc6 6. Bc4 g6 7. a3 Bg7 8. d3
Qe7 9. O-O Be6 10. Bxe6 Qxe6 11. c4 Nge7 12. Ng5 Qd7 13. f4 exf4 14. Bxf4 O-O
15. Nf3 Rae8 16. b4 f6 17. Qb3 Nd8 18. Rae1 Ne6 19. Bc1 c5 20. Ne2 f5 21. Nf4
Nxf4 22. Bxf4 fxe4 23. Rxe4 Nf5 24. bxc5 Rxe4 25. dxe4 Ne3 26. Bxe3 dxe3 27.
Qxe3 Rc8 28. e5 Bf8 29. Kh1 Bxc5 30. Qe4 Rd8 31. h4 Qd3 32. Qxd3 Rxd3 33. a4
Rc3 34. Rd1 Rxc4 35. Rd8+ Kg7 36. Rd7+ Kf8 37. Rxb7 Rxa4 38. Rxh7 a5 39. Kh2
Be7 40. Kh3 Re4 41. Rh8+ Kg7 42. Ra8 a4 43. Ra7 Kf8 44. e6 a3 45. Ng5 Bxg5 46.
hxg5 Rxe6 47. Rxa3 1/2-1/2

[Event "Guernsey Open 2011"]
[Site "Guernsey, Channel Islands"]
[Date "2011.10.19"]
[Round "4"]
[White "Canonne, Antoine"]
[Black "Casiot, David J"]
[Result "1-0"]
[WhiteElo "2007"]
[BlackElo "2125"]
[PlyCount "117"]
[EventDate "2011.10.16"]
[SourceDate "2011.11.07"]

1. e4 c5 2. Nc3 Nc6 3. f4 d6 4. Nf3 Nf6 5. Bb5 a6 6. Bxc6+ bxc6 7. d3 g6 8. O-O
Bg7 9. Qe1 O-O 10. Rb1 Rb8 11. Bd2 Qb6 12. Na4 Qa7 13. c4 Be6 14. b3 d5 15. Ne5
Bd7 16. Be3 d4 17. Bc1 Ng4 18. Nxg4 Bxg4 19. Ba3 e5 20. Bxc5 Qc7 21. Bxf8 Rxf8
22. h3 Bc8 23. fxe5 Qxe5 24. b4 Bh6 25. Rf3 Bf4 26. Rb2 f5 27. Re2 Re8 28. Nc5
g5 29. Qf2 Be3 30. Rfxe3 dxe3 31. Rxe3 f4 32. Re2 Qc3 33. Qe1 Qd4+ 34. Kh1 Rf8
35. Rf2 g4 36. hxg4 Bxg4 37. Qd2 Qf6 38. d4 Qh4+ 39. Kg1 f3 40. Nd3 Rf6 41. Ne5
Rh6 42. Rxf3 Bxf3 43. Nxf3 Qh1+ 44. Kf2 Rg6 45. g3 Rg4 46. Qe3 Qh3 47. Ne1 Qh5
48. Ng2 Qf7+ 49. Qf3 Qg7 50. Qd3 Qg6 51. Nf4 Qh6 52. d5 Rxf4+ 53. gxf4 Qxf4+
54. Kg2 cxd5 55. exd5 Qf6 56. d6 Qb2+ 57. Kh3 Qc1 58. d7 Qh1+ 59. Kg3 1-0

[Event "Guernsey Open 2011"]
[Site "Guernsey, Channel Islands"]
[Date "2011.10.19"]
[Round "4"]
[White "Brookes, Christopher"]
[Black "Maruejols, Claude"]
[Result "1-0"]
[WhiteElo "2122"]
[BlackElo "2034"]
[PlyCount "103"]
[EventDate "2011.10.16"]
[SourceDate "2011.11.07"]

1. e4 c5 2. Nf3 d6 3. d4 cxd4 4. Nxd4 Nf6 5. Nc3 a6 6. Bg5 e6 7. f4 Be7 8. Qf3
Qc7 9. O-O-O Nbd7 10. Bd3 h6 11. Bh4 b5 12. Rhe1 g5 13. fxg5 Ne5 14. Qf1 Nfd7
15. Nf3 hxg5 16. Bg3 Bb7 17. Kb1 Rh7 18. Ne2 O-O-O 19. Ned4 Kb8 20. Qe2 Ka8 21.
Qd2 Rg7 22. Bf2 g4 23. Nxe5 Nxe5 24. Qe3 Bc6 25. Nxc6 Nxc6 26. a4 Rb8 27. axb5
axb5 28. Bf1 Rb7 29. Qg3 Ne5 30. Bd4 Rg5 31. Re3 Nc6 32. Ra3+ Kb8 33. Be3 Rg6
34. Rb3 Qa5 35. h4 gxh3 36. Qxh3 Rg8 37. Qh7 Rg4 38. Qxf7 Rxe4 39. Qe8+ Nd8 40.
Rxb5 Rxb5 41. Bxb5 Bf6 42. Bd2 Qb6 43. c3 Rg4 44. Qf8 Bh4 45. Bf1 Ra4 46. Bc1
Bg3 47. Bg5 Kc8 48. Qe8 Re4 49. Bb5 Bh4 50. Qd7+ Kb8 51. Bxh4 Rxh4 52. Rxd6 1-0

[Event "Guernsey Open 2011"]
[Site "Guernsey, Channel Islands"]
[Date "2011.10.19"]
[Round "4"]
[White "Morcom, Hugh"]
[Black "Wismayer, Clive R"]
[Result "0-1"]
[WhiteElo "1955"]
[BlackElo "2114"]
[PlyCount "70"]
[EventDate "2011.10.16"]
[SourceDate "2011.11.07"]

1. e4 e6 2. d4 d5 3. e5 c5 4. c3 Qb6 5. a3 Nc6 6. Nf3 c4 7. Be2 f6 8. O-O fxe5
9. Nxe5 Nxe5 10. dxe5 Bc5 11. Nd2 Ne7 12. Bh5+ g6 13. Bg4 Bd7 14. Nf3 O-O-O 15.
Rb1 h6 16. b4 cxb3 17. Rxb3 Qc7 18. Qd3 Rdf8 19. Be3 Bxe3 20. Qxe3 Nc6 21. Rfb1
b6 22. Nd4 Nd8 23. Nb5 Bxb5 24. Rxb5 g5 25. g3 h5 26. Be2 Rf5 27. f4 {(=)} gxf4
28. gxf4 Rhf8 29. c4 d4 30. Qe4 Rxf4 31. Qg6 d3 32. Bxh5 Qxc4 33. Qg2 Kc7 34.
Qg7+ R8f7 35. Qg2 d2 0-1

[Event "Guernsey Open 2011"]
[Site "Guernsey, Channel Islands"]
[Date "2011.10.19"]
[Round "4"]
[White "Minnican, Alan William"]
[Black "Von Saldern, Rudiger"]
[Result "1-0"]
[WhiteElo "2106"]
[BlackElo "2010"]
[PlyCount "49"]
[EventDate "2011.10.16"]
[SourceDate "2011.11.07"]

1. Nf3 d5 2. c4 e6 3. g3 Nf6 4. Bg2 Nbd7 5. b3 c6 6. Bb2 Bd6 7. d4 O-O 8. O-O
Qc7 9. Nbd2 Re8 10. Rc1 Qb8 11. Qc2 h6 12. e4 dxe4 13. Nxe4 Nxe4 14. Qxe4 e5
15. Rfe1 Nf6 16. Qh4 e4 17. Nd2 Bb4 18. Bc3 Bxc3 19. Rxc3 Bf5 20. Rce3 Ng4 21.
R3e2 Qd6 22. Nxe4 Rxe4 23. Bxe4 g5 24. Qh3 Ne3 25. Bxf5 1-0

[Event "Guernsey Open 2011"]
[Site "Guernsey, Channel Islands"]
[Date "2011.10.19"]
[Round "4"]
[White "Bakker, Joop PA"]
[Black "Chernoff, John"]
[Result "1/2-1/2"]
[WhiteElo "1986"]
[BlackElo "2140"]
[PlyCount "83"]
[EventDate "2011.10.16"]
[SourceDate "2011.11.07"]

1. b3 e5 2. Bb2 Nc6 3. e3 Nf6 4. d4 exd4 5. exd4 d5 6. Nf3 Bd6 7. Bb5 O-O 8.
O-O Ne4 9. c4 Bg4 10. cxd5 Nb4 11. Be2 Nxd5 12. Ne5 Bf5 13. Bg4 Qg5 14. Bxf5
Qxf5 15. Qf3 Qxf3 16. Nxf3 Rfe8 17. Na3 Bxa3 18. Bxa3 f6 19. Rfe1 a5 20. Kf1 a4
21. Bb2 Nb4 22. Re2 a3 23. Bc1 Kf7 24. Bd2 Nxd2+ 25. Rxd2 c6 26. Rc1 Ke6 27.
Rc4 Nd5 28. Re2+ Kd7 29. Rxe8 Kxe8 30. Nd2 Kd7 31. Ne4 b6 32. Nc3 b5 33. Rc5
Nxc3 34. Rxc3 Kd6 35. Rh3 h6 36. Ke2 Rd8 37. Kd2 Re8 38. Re3 Rxe3 39. fxe3 f5
40. e4 f4 41. Ke2 g5 42. h3 1/2-1/2

[Event "Guernsey Open 2011"]
[Site "Guernsey, Channel Islands"]
[Date "2011.10.19"]
[Round "4"]
[White "Goris, Ton"]
[Black "Heppell, Ian"]
[Result "1/2-1/2"]
[WhiteElo "1993"]
[BlackElo "2132"]
[PlyCount "175"]
[EventDate "2011.10.16"]
[SourceDate "2011.11.07"]

1. e4 e5 2. d4 exd4 3. Nf3 Nc6 4. Bc4 Nf6 5. e5 d5 6. Bb5 Ne4 7. Nxd4 Bc5 8.
Be3 Bd7 9. Bxc6 bxc6 10. Nd2 Nxd2 11. Qxd2 Qe7 12. Nf3 Bxe3 13. Qxe3 Qb4+ 14.
Qc3 Qxc3+ 15. bxc3 Ke7 16. Kd2 Rab8 17. Rab1 Rb6 18. Rb3 c5 19. Rc1 Rhb8 20.
Ne1 c4 21. Rxb6 Rxb6 22. Ke3 Rb2 23. Kd4 c6 24. f4 Bf5 25. Kc5 Kd7 26. a4 Be4
27. h4 h5 28. Rd1 g6 29. Rd2 Ra2 30. Kb4 Ke6 31. Nf3 Bxf3 32. gxf3 Kf5 33. Re2
Kxf4 34. e6 fxe6 35. Rxe6 Rxc2 36. Rxg6 Kxf3 37. Rg5 Ke3 38. Rxh5 Kd3 39. Rg5
Rb2+ 40. Kc5 Kxc3 41. Rg3+ Kc2 42. h5 Rb3 43. Rxb3 Kxb3 44. h6 c3 45. h7 c2 46.
h8=Q c1=Q+ 47. Kd6 Kxa4 48. Qd4+ Kb3 49. Qd3+ Qc3 50. Qb1+ Kc4 51. Kxc6 Qf6+
52. Kd7 d4 53. Qc2+ Kd5 54. Qg2+ Ke5 55. Qh2+ Qf4 56. Qh8+ Ke4 57. Qa8+ Ke3 58.
Qh1 Qf7+ 59. Kd6 Qf8+ 60. Kd7 Qf5+ 61. Kd6 d3 62. Qe1+ Kd4 63. Qb4+ Ke3 64.
Qe1+ Kf3 65. Qh1+ Ke2 66. Qg2+ Qf2 67. Qe4+ Qe3 68. Qg2+ Kd1 69. Qf1+ Kc2 70.
Qf5 Kc1 71. Qf1+ Kb2 72. Qf6+ Kc2 73. Qf5 Kc1 74. Qf1+ Kd2 75. Qg2+ Qe2 76.
Qg5+ Kd1 77. Qg1+ Qe1 78. Qg4+ Kc1 79. Qc4+ Kd2 80. Qb4+ Kd1 81. Qa4+ Kc1 82.
Qc4+ Kb2 83. Qxd3 Qb4+ 84. Kc6 a5 85. Qb5 Ka3 86. Qd3+ Qb3 87. Qd6+ Kb2 88.
Qd2+ 1/2-1/2

[Event "Guernsey Open 2011"]
[Site "Guernsey, Channel Islands"]
[Date "2011.10.19"]
[Round "4"]
[White "Purdon, Colin"]
[Black "De Graaf, Arnoud"]
[Result "1-0"]
[WhiteElo "2075"]
[BlackElo "1860"]
[PlyCount "71"]
[EventDate "2011.10.16"]
[SourceDate "2011.11.07"]

1. d4 Nf6 2. c4 c5 3. d5 b5 4. cxb5 a6 5. e3 e6 6. dxe6 fxe6 7. Nc3 d5 8. Nf3
Be7 9. Be2 O-O 10. O-O axb5 11. Bxb5 Ba6 12. Bxa6 Rxa6 13. b3 Qb6 14. Bb2 Nc6
15. Qe2 Rd8 16. Rfd1 Ra7 17. Rab1 Nb4 18. a4 Rb7 19. Nb5 Ne8 20. e4 d4 21. Ne5
Nd6 22. Nc4 Nxc4 23. Qxc4 Rf8 24. Ba3 Na6 25. Rd3 Nc7 26. Nxd4 Kh8 27. Nf3 Rf4
28. Rd7 Nd5 29. Rxb7 Qxb7 30. Bxc5 Bf6 31. Qc2 Nc3 32. Re1 Rxe4 33. Rxe4 Nxe4
34. Be3 Qd7 35. h3 Nc3 36. Bg5 1-0

[Event "Guernsey Open 2011"]
[Site "Guernsey, Channel Islands"]
[Date "2011.10.19"]
[Round "4"]
[White "Prins, Jan"]
[Black "De Kruif, Kees"]
[Result "1-0"]
[WhiteElo "2051"]
[BlackElo "1953"]
[PlyCount "111"]
[EventDate "2011.10.16"]
[SourceDate "2011.11.07"]

1. d4 Nf6 2. Nf3 b5 3. a4 b4 4. c4 e6 5. Bg5 Be7 6. Nbd2 Bb7 7. Qc2 d6 8. e4 h6
9. Bf4 g5 10. Be3 Ng4 11. Qb3 Nxe3 12. Qxe3 g4 13. Ng1 Bg5 14. f4 gxf3 15. Qxf3
Bxd2+ 16. Kxd2 Qg5+ 17. Kc2 f5 18. d5 O-O 19. Nh3 Qg7 20. Bd3 Na6 21. exf5 b3+
22. Kxb3 Bxd5 23. cxd5 Rab8+ 24. Bb5 Rxf5 25. Qc3 Rxd5 26. Qxg7+ Kxg7 27. Ka3
Nc5 28. Rad1 Rf5 29. Rhf1 Rh5 30. Rf4 e5 31. Rg4+ Kf6 32. Rf1+ Rf5 33. Rxf5+
Kxf5 34. Rg7 Ne6 35. Re7 Nd4 36. Bc4 Nc2+ 37. Ka2 Nb4+ 38. Kb1 d5 39. Be2 Ke4
40. Rxc7 Ke3 41. Bb5 d4 42. Rc4 a5 43. Rc1 d3 44. Re1+ Kd4 45. Nf2 Rf8 46. Nxd3
Nxd3 47. Bxd3 Kxd3 48. Rxe5 Rf2 49. Rxa5 Rxg2 50. Rh5 Rg6 51. Ka2 Kc4 52. Ka3
Re6 53. Rh4+ Kd5 54. a5 Rg6 55. Ka4 Re6 56. b4 1-0

[Event "Guernsey Open 2011"]
[Site "Guernsey, Channel Islands"]
[Date "2011.10.19"]
[Round "4"]
[White "Thurlow, Kevin J"]
[Black "Kirk, Matthew"]
[Result "1-0"]
[WhiteElo "2033"]
[BlackElo "1727"]
[PlyCount "55"]
[EventDate "2011.10.16"]
[SourceDate "2011.11.07"]

1. c4 e6 2. Nc3 d5 3. d4 Nf6 4. Nf3 Be7 5. Bf4 O-O 6. e3 Ne4 7. Bd3 f5 8. Qc2
c6 9. h3 Nd7 10. Ne5 Nxe5 11. Bxe5 Bd6 12. O-O-O Bxe5 13. dxe5 Qa5 14. f3 Nxc3
15. Qxc3 Qxa2 16. g4 Qa4 17. Rhg1 dxc4 18. Bxc4 b5 19. Bb3 Qa6 20. gxf5 Rxf5
21. Bc2 Rf8 22. Qd3 Rf5 23. Qd8+ Rf8 24. Rxg7+ Kxg7 25. Rg1+ Kf7 26. Qc7+ Ke8
27. Rg7 Qb7 28. Re7# 1-0

[Event "Guernsey Open 2011"]
[Site "Guernsey, Channel Islands"]
[Date "2011.10.19"]
[Round "4"]
[White "Ippel, Cornelius J"]
[Black "Burton, Ronnie"]
[Result "0-1"]
[WhiteElo "1969"]
[BlackElo "2024"]
[PlyCount "114"]
[EventDate "2011.10.16"]
[SourceDate "2011.11.07"]

1. Nc3 c5 2. Nf3 Nc6 3. e4 d6 4. d4 cxd4 5. Nxd4 Nf6 6. Bc4 e6 7. a3 a6 8. O-O
Be7 9. Kh1 Qc7 10. Ba2 O-O 11. f4 Nxd4 12. Qxd4 e5 13. Qe3 b5 14. Nd5 Nxd5 15.
Bxd5 Bb7 16. Bxb7 Qxb7 17. f5 Rac8 18. f6 Bxf6 19. Rxf6 gxf6 20. Qf3 f5 21.
Qxf5 f6 22. Bh6 Rf7 23. c3 Qd7 24. Qf3 f5 25. exf5 Qxf5 26. Qd5 Kh8 27. h3 Qg6
28. Be3 Rcf8 29. Kg1 Qg3 30. Bb6 Rg7 31. Rf1 Rxf1+ 32. Kxf1 Qf4+ 33. Kg1 Qc1+
34. Kh2 Qxb2 35. Bd8 Qf2 36. h4 h6 37. Qc6 Qg3+ 38. Kg1 Qg6 39. h5 Qe6 40. Qxa6
Kh7 41. Qxb5 d5 42. Qe2 e4 43. Ba5 Qg4 44. Qxg4 Rxg4 45. Bb6 Rg3 46. Bd4 Rd3
47. Kf2 Rd2+ 48. Kf1 Rb2 49. g4 Rb3 50. Ke2 Rxa3 51. Ke3 Ra8 52. Be5 Rg8 53.
Kd4 Rxg4 54. Kxd5 e3 55. c4 Rg5 56. c5 Rxe5+ 57. Kxe5 e2 0-1

[Event "Guernsey Open 2011"]
[Site "Guernsey, Channel Islands"]
[Date "2011.10.19"]
[Round "4"]
[White "Goris Schouwstra, Adri"]
[Black "Dijksterhuis, Rolf"]
[Result "0-1"]
[WhiteElo "1862"]
[BlackElo "1998"]
[PlyCount "78"]
[EventDate "2011.10.16"]
[SourceDate "2011.11.07"]

1. d4 Nf6 2. Nf3 g6 3. c4 Bg7 4. Nc3 d6 5. e4 O-O 6. Be2 Nbd7 7. O-O e5 8. d5
Nh5 9. g3 h6 10. Bd2 Nhf6 11. Ne1 Nc5 12. f3 a5 13. Nd3 Nxd3 14. Bxd3 Nh7 15.
Be3 f5 16. Bf2 Ng5 17. Be1 f4 18. g4 h5 19. h4 hxg4 20. fxg4 Nh7 21. Be2 Bf6
22. h5 gxh5 23. gxh5 Kh8 24. Kh1 Qd7 25. Rf2 Rg8 26. Rh2 Ng5 27. Bh4 Qe7 28.
Qe1 Bd7 29. Qf2 Kh7 30. Bf1 b6 31. Rd1 Raf8 32. Rd3 Rf7 33. Rd1 Rfg7 34. Nb5
Nxe4 35. Bd3 Bf5 36. Qc2 Ng3+ 37. Bxg3 Bxd3 38. Qxd3+ e4 39. Qc2 Rxg3 0-1

[Event "Guernsey Open 2011"]
[Site "Guernsey, Channel Islands"]
[Date "2011.10.19"]
[Round "4"]
[White "Hauptmann, Thomas"]
[Black "Van der Sanden, Martien"]
[Result "0-1"]
[WhiteElo "2018"]
[BlackElo "1853"]
[PlyCount "24"]
[EventDate "2011.10.16"]
[SourceDate "2011.11.07"]

1. e4 e5 2. Nf3 Nc6 3. Bb5 a6 4. Bxc6 dxc6 5. O-O Bg4 6. h3 h5 7. d3 Qf6 8.
Nbd2 Ne7 9. Re1 Ng6 10. d4 Bd6 11. c3 O-O-O 12. Nc4 Bxf3 0-1